00938nam a22002177a 4500003000900000008004100009020001800050020001800068040007100086082002600157100002000183245010100203260003600304300005400340505023700394650001200631650001500643650001500658650001600673700003100689AR-CdUCM190319b ||||| |||| 00| 0 spa d a84-291-5001-3 a84-291-5002-1 aMUNICIPALIDAD PROVINCIAL DEL CUSCOcBIBLIOTECA MUNICIPAL DEL CUSCO 22ed.a517.1073 /bA62 aApostol, Tom M. aCalculus :bCalculo como funciones de una variable, con una introducción al álgebra lineal / aBuenos Aires :bReverte,c1973. a2 tomos :bIlustraciones, trazos, cuadros c22cm. aContenido: t.1. Calculo con [funciones de una variable], con una introduccion al [algebra lineal] -- t.2. Calculo con [funciones de varias variables], algebra lineal con aplicaciones a las [ecuaciones diferenciales][probabilidades]. aCalculo aProblemas  aEjercicios aMatematicas aVelez Cantarell, francisco